đŸŽ¶ Paroles "Marie-GĂ©ographie" Anne Sylvestre - Statistiques

Statistiques générales
  • Ce quiz a Ă©tĂ© pris 3 fois
  • Le rĂ©sultat moyen est 252 sur 362
Statistiques - réponses
Mots % Correct
a
100%
Ă 
100%
au
100%
C'
100%
c'
100%
comme
100%
Comme
100%
d'
100%
D'
100%
de
100%
De
100%
des
100%
en
100%
es
100%
est
100%
Et
100%
et
100%
Géographie
100%
il
100%
Ils
100%
ils
100%
je
100%
l'
100%
la
100%
le
100%
les
100%
Mais
100%
Marie
100%
Marie-
100%
n'
100%
N'
100%
notre
100%
nous
100%
On
100%
on
100%
ont
100%
S'
100%
se
100%
Se
100%
Si
100%
si
100%
t'
100%
ta
100%
ton
100%
tu
100%
Tu
100%
un
100%
alors
67%
as
67%
automne
67%
autrefois
67%
Avec
67%
avoir
67%
Beau
67%
beau
67%
belle
67%
belle,
67%
Belle
67%
bleues
67%
canaux
67%
collines
67%
demain
67%
donner
67%
eaux
67%
escaladé
67%
fait
67%
fini
67%
Gonflant
67%
hier
67%
laissé
67%
méandres
67%
MĂȘme
67%
mĂȘme
67%
meurtri
67%
Moi
67%
monde
67%
navigué
67%
Ne
67%
neigé
67%
neuves
67%
ou
67%
OĂč
67%
pas
67%
pays
67%
peau
67%
peu
67%
plus
67%
pour
67%
qu'
67%
Que
67%
que
67%
qui
67%
Qui
67%
riviĂšres
67%
sans
67%
sommets
67%
sous
67%
sur
67%
tant
67%
Tant
67%
te
67%
tendre
67%
tendresses
67%
tes
67%
Tes
67%
veines
67%
vie
67%
vois
67%
beauté
33%
cache
33%
ceux
33%
cherche
33%
cheveux
33%
couleur
33%
croĂźtre
33%
Dans
33%
décale
33%
défait
33%
Déjà
33%
douce
33%
doux
33%
ensemble
33%
ĂȘtre
33%
exister
33%
exploré
33%
failli
33%
Fleuve,
33%
fleuves
33%
forĂȘt
33%
guerres
33%
ignorer
33%
image
33%
jamais
33%
labouré
33%
long
33%
moins
33%
montent
33%
multipliée
33%
Oui
33%
paysage
33%
pentes
33%
pourtant
33%
Quelques
33%
quelques
33%
rien
33%
ruisseaux
33%
sang
33%
secret
33%
Sinuant
33%
sont
33%
Sont
33%
source
33%
terrain
33%
tous
33%
tout
33%
toute
33%
vagues
33%
ventre
33%
voies
33%
voudrait
33%
abandonne
0%
alluvions
0%
artifices
0%
buvions
0%
chagrine
0%
cygne
0%
dis
0%
dois
0%
écoute
0%
emplis
0%
épouvante
0%
espoir
0%
étang
0%
finis
0%
flamboyer
0%
frontiĂšres
0%
glissements
0%
glisses
0%
marquent
0%
nombreux
0%
perdu
0%
produisent
0%
racontent
0%
rameaux
0%
regarder
0%
regrette
0%
rendre
0%
rendus
0%
renonces
0%
Reposé
0%
venues
0%
vivants
0%
Aucun quiz correspondant
Distribution des résultats
% des personnes avec chaque résultat
Percentile par nombre de réponses
Votre historique - résultats
Vous n’avez pas pris ce quiz